000 00486nam a2200181Ia 4500
005 20250326123958.0
008 250326s9999 xx 000 0 und d
037 _aTextbook
040 _aFMSL
_beng
_cFMSL
041 _aeng
_2eng
084 _aXt4 K7.3
_qFMSL
100 _aAEA
_9736543
245 0 _aSurveys of economic theory: resource allocation
_cAEA
260 _aNY
_bNY, Macmillan
_c1967
300 _a207p
942 _cTB
_hXt4 K7.3
999 _c1271742
_d1271742